Propiedad y posesin̤ de los bienes binarios

Detalles Bibliográficos
Autor principal: Vz̀quez Azuara, Carlos Antonio
Formato: eBook
Lenguaje:español
Publicado: Veracruz: Universidad de Xalapa, 2013
Materias:
Acceso en línea:Acceso restringido

MARC

LEADER 00000nam a22000007a 4500
005 2018032705095.0
007 cr|||| |||
008 180327s2013 mx |||||s|||| 00||0 spa d
020 |a 978-607-8156-18-4 
035 |a 21180 
040 |a vLex 
090 |c 7551  |d 7551 
100 1 |a Vz̀quez Azuara, Carlos Antonio 
245 1 0 |a Propiedad y posesin̤ de los bienes binarios  |h [Recurso electrn̤ico] /  |c Carlos Antonio Vz̀quez Azuara 
256 |a Servicio en ln̕ea 
260 |a Veracruz:  |b Universidad de Xalapa,  |c 2013 
300 |a 1 recurso electrn̤ico 
506 1 |a Disponible solo en los productos indicados  |d vLex Global  |d vLex Global (Academic Edition, excluding Law Schools)  |d vLex Global (U.S. Academic Edition, Law Schools)  |d vLex Global (U.S. Academic Edition, excluding Law Schools)  |d vLex Global (Academic Edition, Law Schools) 
650 0 4 |a Derecho de las Nuevas Tecnologa̕s  |z Mx̌ico 
740 0 |a vLex Libros (Servicio en ln̕ea) 
856 4 0 |u http://vlex.com/source/propiedad-posesion-bienes-binarios-21180  |z Acceso restringido 
942 |c BOOK 
999 0 |a Right of New Technologies